[Event "Chigorin Memorial 24th"]
[Site "St Petersburg"]
[Date "2016.10.17"]
[Round "3"]
[White "Atlas, Eduard"]
[Black "Gevorgyan, David"]
[Result "1/2-1/2"]
[WhiteElo "2072"]
[BlackElo "2335"]
[PlyCount "137"]
[EventDate "2016.10.15"]
[EventType "swiss"]
[EventRounds "9"]
[EventCountry "RUS"]
[SourceTitle "CBM 175 Extra"]
[Source "ChessBase"]
[SourceDate "2016.12.12"]
[SourceVersion "1"]
[SourceVersionDate "2016.12.12"]
[SourceQuality "1"]

1. d4 Nf6 2. Bf4 e6 3. Nf3 b6 4. e3 Bb7 5. Bd3 Be7 6. Nbd2 Nh5 7. Bg3 Nxg3 8. hxg3 h6 9. c3 c5 10. Qe2 Nc6 11. Ba6 Qc7 12. Bxb7 Qxb7 13. a4 a6 14. Nc4 b5 15. Nce5 bxa4 16. Rxa4 d6 17. Nxc6 Qxc6 18. Ra2 c4 19. e4 0-0 20. 0-0 Bd8 21. Nd2 d5 22. Qf3 Rb8 23. exd5 exd5 24. Re1 Bc7 25. Nf1 a5 26. Ne3 Rbe8 27. Kf1 Rd8 28. Nf5 Kh7 29. Ne7 Qd7 30. Qf5+ Qxf5 31. Nxf5 Rfe8 32. Raa1 Re6 33. Ne3 Rd7 34. Ke2 Bd8 35. Kd2 Rb7 36. Kc2 Rb5 37. Ng4 Bc7 38. Rxe6 fxe6 39. Re1 Rb6 40. Rb1 Kg6 41. Ne3 Rb3 42. Nf1 Rb8 43. Nd2 Kf5 44. Ra1 h5 45. b3 cxb3+ 46. Nxb3 Kg4 47. Nc5 Rf8 48. Nd3 g5 49. Re1 Rf6 50. Re2 Bd6 51. Kb3 Bxg3 52. fxg3 Kxg3 53. Ka4 g4 54. Kxa5 h4 55. Kb5 h3 56. gxh3 gxh3 57. Kc5 h2 58. Rxh2 Kxh2 59. Kd6 Kg3 60. Ke5 Rf3 61. Nc5 Re3+ 62. Kd6 Rxc3 63. Nxe6 Kg4 64. Kxd5 Ra3 65. Nc5 Kf5 66. Kc6 Ra1 67. d5 Rd1 68. d6 Rxd6+ 69. Kxd6 1/2-1/2

[Event "Chigorin Memorial 17th"]
[Site "St Petersburg"]
[Date "2009.10.24"]
[Round "9"]
[White "Atlas, Eduard"]
[Black "Azimova, Karina"]
[Result "1/2-1/2"]
[WhiteElo "2060"]
[BlackElo "1943"]
[PlyCount "63"]
[EventDate "2009.10.16"]
[EventType "swiss"]
[EventRounds "9"]
[EventCountry "RUS"]
[SourceTitle "CBM 132 Extra"]
[Source "ChessBase"]
[SourceDate "2009.11.03"]
[SourceVersion "1"]
[SourceVersionDate "2009.11.03"]
[SourceQuality "1"]

1. e4 e5 2. Nf3 d6 3. d4 exd4 4. Nxd4 Nf6 5. Nc3 Be7 6. Be2 0-0 7. Bf4 c6 8. 0-0 Re8 9. Qd2 Bf8 10. Bf3 Nbd7 11. Rad1 Ne5 12. Bg5 h6 13. Bf4 Qb6 14. Bxe5 dxe5 15. Nb3 Be6 16. Rfe1 Rad8 17. Qe3 Qxe3 18. Rxe3 Rxd1+ 19. Bxd1 Rd8 20. Rd3 Rxd3 21. cxd3 b6 22. Nd2 Nd7 23. Kf1 Nc5 24. Ke2 f6 25. a3 Bf7 26. b4 Ne6 27. Ke3 a5 28. bxa5 bxa5 29. Nc4 Bc5+ 30. Kd2 Bxf2 31. Nxa5 Bc5 32. Nb1 1/2-1/2

[Event "Chigorin Memorial 16th"]
[Site "St Petersburg"]
[Date "2008.10.09"]
[Round "7"]
[White "De Luna Butz, Alberto"]
[Black "Atlas, Eduard"]
[Result "1/2-1/2"]
[WhiteElo "1830"]
[BlackElo "2067"]
[PlyCount "108"]
[EventDate "2008.10.03"]
[EventType "swiss"]
[EventRounds "9"]
[EventCountry "RUS"]
[SourceTitle "CBM 126 Extra"]
[Source "ChessBase"]
[SourceDate "2008.11.05"]
[SourceVersion "1"]
[SourceVersionDate "2008.11.05"]
[SourceQuality "1"]

1. d4 d5 2. c4 e6 3. Nc3 Nf6 4. cxd5 exd5 5. Bg5 Be7 6. e3 c6 7. Bd3 Nbd7 8. Qc2 0-0 9. Nge2 Re8 10. 0-0 Nf8 11. f3 Nh5 12. Bxe7 Rxe7 13. e4 dxe4 14. fxe4 Bg4 15. e5 g6 16. Rad1 Ne6 17. Bc4 b5 18. Bxe6 Rxe6 19. Qd2 f6 20. exf6 Rxf6 21. Rxf6 Qxf6 22. Rf1 Qe6 23. Nf4 Nxf4 24. Qxf4 Re8 25. h3 Bf5 26. a3 a6 27. Kh2 Rd8 28. Rf2 Qd6 29. Qxd6 Rxd6 30. Rd2 h5 31. Kg3 g5 32. Kf3 Kg7 33. g4 hxg4+ 34. hxg4 Bg6 35. Ne4 Bxe4+ 36. Kxe4 Rf6 37. d5 Rf4+ 38. Ke5 cxd5 39. Rxd5 Rxg4 40. Rd6 Ra4 41. Kf5 Kf7 42. Kxg5 Ke7 43. Rh6 Kd7 44. Kf5 Kc7 45. Ke5 Kb7 46. Kd5 Rf4 47. Rh2 Kb6 48. b3 Rf3 49. Rb2 Rd3+ 50. Ke4 Rd8 51. b4 a5 52. Rb3 Rd1 53. Ke3 axb4 54. axb4 Rd8 1/2-1/2

[Event "St Petersburg June op"]
[Site "St Petersburg"]
[Date "2008.06.25"]
[Round "5"]
[White "Atlas, Eduard"]
[Black "Chernov, Yury"]
[Result "1-0"]
[WhiteElo "2069"]
[BlackElo "2254"]
[PlyCount "93"]
[EventDate "2008.06.21"]
[EventType "swiss"]
[EventRounds "9"]
[EventCountry "RUS"]
[SourceTitle "CBM 125 Extra"]
[Source "ChessBase"]
[SourceDate "2008.09.01"]
[SourceVersion "1"]
[SourceVersionDate "2008.09.01"]
[SourceQuality "1"]

1. e4 c5 2. c3 d5 3. exd5 Qxd5 4. d4 e6 5. Nf3 Nf6 6. Be2 Be7 7. 0-0 Nc6 8. Na3 0-0 9. Nb5 Qd8 10. Be3 a6 11. Na3 Nd5 12. Nc2 Nxe3 13. Nxe3 cxd4 14. Nxd4 Nxd4 15. cxd4 Bf6 16. Nc4 Bxd4 17. Bf3 Rb8 18. Qd2 Qf6 19. Rad1 e5 20. Qb4 b6 21. Ne3 Bb7 22. Bxb7 Rxb7 23. Nc2 a5 24. Qb5 Bc5 25. Ne3 g6 26. Rd5 Rc7 27. Qe2 Bd4 28. Rb5 Qe6 29. a4 Rfc8 30. h3 Rc5 31. Rd1 Rxb5 32. Qxb5 Qc6 33. Qb3 Qc5 34. Ng4 Kg7 35. Qf3 Qc6 36. Qb3 Qe4 37. Rd3 Rc3 38. Rxc3 h5 39. Rc7 hxg4 40. Qxf7+ Kh6 41. h4 Qb1+ 42. Kh2 g3+ 43. Kxg3 Qd3+ 44. Kh2 Kh5 45. f3 Kxh4 46. Qf6+ g5 47. Qh6# 1-0

[Event "St Petersburg Chigorin CC-ch"]
[Site "St Petersburg"]
[Date "2008.05.23"]
[Round "9"]
[White "Frolochkin, Vladimir"]
[Black "Atlas, Eduard"]
[Result "1-0"]
[WhiteElo "2345"]
[BlackElo "2069"]
[PlyCount "93"]
[EventDate "2008.05.13"]
[EventType "swiss"]
[EventRounds "9"]
[EventCountry "RUS"]
[SourceTitle "CBM 124 Extra"]
[Source "ChessBase"]
[SourceDate "2008.07.03"]
[SourceVersion "1"]
[SourceVersionDate "2008.07.03"]
[SourceQuality "1"]

1. e4 c5 2. Nf3 d6 3. d4 cxd4 4. Nxd4 Nf6 5. Nc3 a6 6. Be3 e6 7. g4 Be7 8. g5 Nfd7 9. Qh5 g6 10. Qg4 e5 11. Nb3 Nc5 12. Qg3 Nxb3 13. axb3 Be6 14. h4 Nc6 15. h5 Rf8 16. Bh3 Nb4 17. Rc1 Bxh3 18. Rxh3 b5 19. hxg6 hxg6 20. Kf1 Rc8 21. Kg2 Qd7 22. Rhh1 Qe6 23. Rhd1 Rh8 24. Rd2 Rh5 25. Rh1 Rxh1 26. Kxh1 Kd7 27. Kg1 Rh8 28. Kg2 Rh5 29. Nd5 Nxd5 30. Rxd5 f5 31. gxf6 Bxf6 32. c4 Rh4 33. c5 Be7 34. Rxd6+ Bxd6 35. Qxh4 Be7 36. Qg3 a5 37. Bd2 b4 38. Qd3+ Kc8 39. Be3 Qg4+ 40. Kf1 Qd7 41. Qd5 Qxd5 42. exd5 e4 43. Bd4 Bg5 44. Be5 Bc1 45. c6 g5 46. d6 Bf4 47. d7+ 1-0

[Event "St Petersburg-ch qual"]
[Site "St Petersburg"]
[Date "2006.11.27"]
[Round "1"]
[White "Atlas, Eduard"]
[Black "Kuzevanova, Evgenia"]
[Result "0-1"]
[WhiteElo "2043"]
[BlackElo "2191"]
[PlyCount "94"]
[EventDate "2006.11.27"]
[EventType "swiss"]
[EventRounds "10"]
[EventCountry "RUS"]
[SourceTitle "EXT 2008"]
[Source "ChessBase"]
[SourceDate "2007.11.25"]
[SourceVersion "1"]
[SourceVersionDate "2007.11.25"]
[SourceQuality "1"]

1. e4 c5 2. c3 d5 3. exd5 Qxd5 4. d4 Nf6 5. Nf3 e6 6. Bb5+ Bd7 7. Bxd7+ Nbxd7 8. 0-0 cxd4 9. cxd4 Bd6 10. Nc3 Qh5 11. Qb3 Nb6 12. Bg5 Bxh2+ 13. Nxh2 Qxg5 14. Qb4 Nfd5 15. Qb5+ Kf8 16. Nf3 Qe7 17. Rac1 g6 18. a4 Nf6 19. Qe5 Nbd7 20. Qg5 Kg7 21. d5 h6 22. Qd2 exd5 23. Nxd5 Nxd5 24. Qxd5 Nf6 25. Qa5 b6 26. Qa6 Rhe8 27. Rc2 Nd5 28. Qb5 Nc7 29. Qc4 Ne6 30. Rfc1 Qf6 31. b4 Rad8 32. Qc6 Nf4 33. Qc4 Rc8 34. Qxc8 Rxc8 35. Rxc8 Ne2+ 36. Kh1 Nxc1 37. Rxc1 Qf4 38. Rb1 Qc4 39. Rd1 Qxb4 40. Rd4 Qc5 41. Rd7 a6 42. Nd4 Kf6 43. Kh2 Qh5+ 44. Kg1 Qd1+ 45. Kh2 Qxa4 46. Rd8 Qc4 47. f4 Qc7 0-1